MDQL
is popping MORE tags! Check the
thread
!
Quizzes
Events
Quiz Creation
Community
Videos
Private Events
Remove Ads
Sign In
Join for FREE
Feedback
Dark Mode
Quiz Categories
Sports
Geography
Music
Movies
Television
Just For Fun
Miscellaneous
History
Literature
Language
Science
Gaming
Entertainment
Religion
Holiday
For Kids
Quiz Lab
Recent
Popular Today
Quiz Kudos Today
Editor Picks
Curator Picks
Quizzes by...
Day
Popularity
Type
Ratings
Length
Year
Community
Subscriptions
Recent Discussions
Orange Saloon
Badges
Playlists
Quests
Create
Leaderboards
Showdown
Live 5
Trivia Bingo
Activity
Puzzle Library
Sporcle Events
Private Events
Virtual Trivia
Globe League
Become a Host
Pub Owners
SporcleCon
Opinionation
Our Games
Videos
Blog
Mobile Apps
Partnerships
Remove Ads and Go Orange
Feedback
Movies
Disney
Marvel Cinematic Universe
Movie Resume
Movie Titles
Oscar
Actor
Actress
Director
Pixar
Role
Movie Quotes
Movie Characters
Box Office
Nominee
Best Picture
Star Wars
James Bond
Horror Movies
Movies
Disney
Marvel Cinematic Universe
Movie Resume
Movie Titles
Oscar
Actor
Actress
Director
Pixar
Role
Movie Quotes
Movie Characters
Box Office
Nominee
Best Picture
Star Wars
James Bond
Horror Movies
Random Quiz
Search Sporcle
×
Quiz Lab
Quiz Lab
Movies
Best Picture
Type in answers that appear in a list
Type in answers that appear in a list
Classic
Best Score? Go Orange.
Shared Movie Titles II Stats
Can you name the word that will finish both movie titles?
By
pdigoe
5m
26 Questions
373 Plays
373 Plays
373 Plays
Comments
Comments
Give Quiz Kudos
Give Quiz Kudos
-
- Ratings
hide this ad
More Info
Random Order
Randomize order of answers
Randomize order of answers
Replay
Link that replays current quiz
Next Quiz
Link to next quiz in quiz playlist
You Got
0%
They Got
Avg Score
74%
Avg Friend Score
Upgrade to see
Score Distribution
Jump to the score distribution portion of the page
Score
0/26
Timer
05:00
0
Plays Today
First Word
Last Word
% Correct
Neverending, Toy
Story
96%
Groundhog, Training
Day
94.4%
Pineapple, Polar
Express
94.1%
Breakfast, Fight
Club
94.1%
Blade, Maze
Runner
92.5%
Corpse, Princess
Bride
92.2%
Die, Get
Hard
89.3%
Hamburger, Notting
Hill
87.4%
Raging, Sitting
Bull
87.1%
Gone, My
Girl
87.1%
Becoming, G.I.
Jane
82.3%
Inside, Iron
Man
81.5%
Class, Sister
Act
79.6%
First Word
Last Word
% Correct
High, Shanghai
Noon
79.4%
Dark, First
Knight
71.6%
Super, Starship
Troopers
67.3%
Midnight, Urban
Cowboy
67.3%
Osmosis, Tom
Jones
67%
Jersey, Lost
Boys
65.1%
Easy, Pale
Rider
62.7%
Road, Safe
House
57.6%
Deuces, River
Wild
53.6%
Red, Rescue
Dawn
47.2%
Hot, Right
Stuff
44.5%
Red, Treasure
Planet
43.4%
Old, Summer
School
42.6%
Quiz Playlist
Details
Report
Send in Message
Add To Playlist
More Info:
*If you're stumped, try putting 'The' in front of some of the titles...
Classic:
Type in answers that appear in a list
Random Order:
Randomize order of answers
Quiz Source
Last Updated: Feb 15, 2019
Quiz Scoreboard
CHALLENGE
Sign Up to Join the Scoreboard
Show All
Scores
Hide
Comments
May contain spoilers
Recently Published
5x2 Blitz: Bands
by SL_Kpop136
Music
30s
Colored Red Africa Blitz
by spor1
Geography
30s
Find the 'City' Movie
by crazypaving
Movies
60s
More to Explore
Quiz From the Vault
Featured Blog Post
14 Easter Pick-up Lines to Find Eggs With
hide this ad
You Might Also Like...
Tags
Best Picture Quiz
Comedy Movie
double
Movie Taglines
Oscar Winners
Princess Bride
same
Shared
similar
The Title
Vampire Movie
Will Ferrell
Today's Top Quizzes in Movies
Browse Movies
hide this ad
Today's Top Quizzes in Best Picture
Browse Best Picture
Top Contributed Quizzes in Movies
1
Find The 'Big' Movie
2
Find The 'Blue' Movie
3
Find The 'Wild' Movie
4
Movies By Plot
5
Hidden Star Wars Character II
6
Pick 5 Posters: Directed by Spielberg
7
Hidden Star Wars Character III
8
Hidden Star Wars Character IV
9
25 Best Actor Nominees (1990s)
10
Alfred Hitchcock Movies by Plot
Explore More
Trending Topics
Kpop
Harry Potter
NBA
Crossword
Marvel
Anime
Disney
The Office
WWE
Puzzle
Soccer
Country
NFL
Pokémon
Song
hide this ad
More By:
pdigoe
Quiz
Plays
Rating
Category
Featured
Created
NBA Nickname Picture Click
155,382
4.50
Sports
Nov 6, 2017
Somewhere in the Middle (Sports)
153,299
4.21
Sports
Oct 10, 2016
Somewhere in the Middle (Geography)
120,385
4.06
Geography
Nov 8, 2016
Top 10 Power Forwards (ESPN)
102,012
4.26
Sports
Feb 24, 2016
What's in a Male Name?
77,095
4.48
Language
May 5, 2016
Go to Creator's Profile
Score Distribution
Quiz Creator Spotlight
pdigoe
Follow
Send a Message
Quizzes Created
-
Created Quiz Play Count
-
More By This Creator
Popular Quizzes Today
1
Colored Red Africa Blitz
2
Find the 'City' Movie
3
Find the US States - No Outlines Minefield
4
5x2 Blitz: Bands
5
The Countries of the World
6
Find the US States
7
Find the Countries of Europe - No Outlines Minefield
8
US States
More Movies Quizzes
Among Us, Reservoir Dogs, or Both
Editor's Pick
Trending Quizzes
Colored Red Europe Blitz I
Colored Red Europe Blitz II
Colored Red Africa Blitz II
Colored Red Europe Blitz III
Colored Red Africa Blitz III
Recently Updated
How Do You Spell That?
pecheneg
Godzilla Movies
pecheneg
Grab Bag: 4-10 Letters
pecheneg
2024 March Madness Bracket
pecheneg
Famous TV Couples
Peacemaker
Champions League XIs: Real Madrid
pecheneg
Largest US Cities 1790-2010
pecheneg
Rides in Walt Disney World
pecheneg
Most Oscar Losses (Acting)
pecheneg
Beyoncé Albums
pecheneg
Trending Topics
Harry Potter
NBA
Marvel
Anime
Kpop
Crossword
Disney
Puzzle
The Office
Pokémon
Song
Country
Soccer
WWE
NFL
Your Account Isn't Verified!
In order to create a playlist on Sporcle, you need to verify the email address you used during registration. Go to your
Sporcle Settings
to finish the process.
Report this User
Report this user for behavior that violates our
Community Guidelines
.
Details:
Send Report
Go to the Sporcle.com Mobile Site →
Comments